000
00311nam a22001337a 4500
008
171226b xxu||||| |||| 00| 0 eng d
020
_a
0838513476
041
_a
eng
080
_a
610.73
100
_a
2
101
_a
INF
245
_a
CURRENT EMERGENCY DIAGNOSIS& TRATMENT
_c
SAUNDERS,CH,E
942
_2
udc
_c
BK
999
_c
39385
_d
39385